| 000 | 00836nam a2200241 a 4500 | ||
|---|---|---|---|
| 005 | 20250108063741.0 | ||
| 008 | 030305s2001 mx r 000 0 spa d | ||
| 020 | _a8483164612 | ||
| 035 | _aUPN01000122533 | ||
| 049 | _aCG | ||
| 050 | 4 |
_aLB1033 _bG3.2 |
|
| 100 | 1 | _aGarcía, Rafaela | |
| 245 | 1 | 0 |
_aAprendizaje cooperativo : _bfundamentos, características y técnicas / _cRafaela García, Joan A. Traver, Isabel Candela. |
| 260 |
_aMadrid : _bCCS, _c2001. |
||
| 300 | _a85 p. | ||
| 440 | 0 |
_aCuadernos de educación para la acción social ; _v11. _pEscuela solidaria |
|
| 650 | 4 |
_aRelación maestro-estudiante _94168 |
|
| 650 | 4 |
_aAnálisis del proceso de interacción en educación _9270 |
|
| 650 | 4 |
_aDisciplina escolar _91521 |
|
| 700 | 1 |
_aTraver, Joan Andrés, _ecoaut. |
|
| 700 | 1 |
_aCandela, Isabel, _ecoaut. |
|
| 905 | _aLibro | ||
| 999 |
_c94720 _d94720 |
||